000 00212nam a22000857a 4500
008 170601b xxu||||| |||| 00| 0 eng d
100 _93179
_aBerry. N
245 _aThe story of writting
260 _aNew Delhi
_bCBT
_c2000
999 _c6482
_d6482